<?xml version="1.0" encoding="UTF-8"?>
<record
    xmlns:xsi="http://www.w3.org/2001/XMLSchema-instance"
    xsi:schemaLocation="http://www.loc.gov/MARC21/slim http://www.loc.gov/standards/marcxml/schema/MARC21slim.xsd"
    xmlns="http://www.loc.gov/MARC21/slim">

  <leader>01799nam a2200289Ia 4500</leader>
  <controlfield tag="003">OSt</controlfield>
  <controlfield tag="005">20210107115131.0</controlfield>
  <controlfield tag="008">191128s1998    ck     fr     000 0 spa d</controlfield>
  <datafield tag="020" ind1=" " ind2=" ">
    <subfield code="a">9586017869</subfield>
    <subfield code="q">Obra completa</subfield>
  </datafield>
  <datafield tag="020" ind1=" " ind2=" ">
    <subfield code="a">9586017850</subfield>
    <subfield code="q">v.1</subfield>
  </datafield>
  <datafield tag="020" ind1=" " ind2=" ">
    <subfield code="a">9586017877</subfield>
    <subfield code="q">v.2</subfield>
  </datafield>
  <datafield tag="040" ind1=" " ind2=" ">
    <subfield code="a">CO-JMCR</subfield>
    <subfield code="c">CO-JMCR</subfield>
  </datafield>
  <datafield tag="041" ind1="0" ind2=" ">
    <subfield code="a">spa</subfield>
  </datafield>
  <datafield tag="082" ind1="0" ind2="4">
    <subfield code="a">330.021 /</subfield>
    <subfield code="b">D419e</subfield>
    <subfield code="2">23</subfield>
  </datafield>
  <datafield tag="110" ind1="1" ind2=" ">
    <subfield code="a">Colombia. </subfield>
    <subfield code="b">Departamento Nacional de Planeaci&#xF3;n</subfield>
    <subfield code="9">4087</subfield>
  </datafield>
  <datafield tag="245" ind1="1" ind2="0">
    <subfield code="a">Estad&#xED;sticas hist&#xF3;ricas de Colombia : </subfield>
    <subfield code="b">unidad de an&#xE1;lisis macroecon&#xF3;mico / </subfield>
    <subfield code="c">Departamento Nacional de Planeaci&#xF3;n</subfield>
  </datafield>
  <datafield tag="250" ind1=" " ind2=" ">
    <subfield code="a">Primera edici&#xF3;n</subfield>
  </datafield>
  <datafield tag="260" ind1=" " ind2=" ">
    <subfield code="a">Bogot&#xE1; : </subfield>
    <subfield code="b">TM Editores : Departamento Nacional de Planeaci&#xF3;n, </subfield>
    <subfield code="c">1998</subfield>
  </datafield>
  <datafield tag="300" ind1=" " ind2=" ">
    <subfield code="a">2 vol&#xFA;menes ;  </subfield>
    <subfield code="c">27 cm.</subfield>
  </datafield>
  <datafield tag="505" ind1="0" ind2=" ">
    <subfield code="a">Sector real -- Precios -- Indicadores monetarios y financieros -- Sector externo -- Finanzas p&#xFA;blicas -- Sector laboral -- Poblaci&#xF3;n e indicadores sociales -- indicadores de violencia -- Comportamiento sectorial</subfield>
  </datafield>
  <datafield tag="520" ind1="3" ind2=" ">
    <subfield code="a">Este libro compila un gran n&#xFA;mero de estad&#xED;sticas hist&#xF3;ricas econ&#xF3;micas y sociales que han sido elaboradas por entidades estatales y privadas. Debe servir como herramienta de consulta para investigadores y analistas de la realidad nacional, as&#xED; como para el p&#xFA;blico en general. Este compendio estad&#xED;stico consta de nueve cap&#xED;tulo publicados en dos tomos con el fin de facilitar su manejo y lectura: el primero presenta las series de los diferentes sectores y principales agregados macroecon&#xF3;micos de la econom&#xED;a. El segundo relaciona las series econ&#xF3;micas por sectores. </subfield>
  </datafield>
  <datafield tag="650" ind1="1" ind2="4">
    <subfield code="a">Estad&#xED;sticas econ&#xF3;micas</subfield>
    <subfield code="z">Colombia </subfield>
    <subfield code="9">5576</subfield>
  </datafield>
  <datafield tag="650" ind1="1" ind2="4">
    <subfield code="a">Indicadores econ&#xF3;micos</subfield>
    <subfield code="z">Colombia </subfield>
    <subfield code="9">5577</subfield>
  </datafield>
  <datafield tag="650" ind1="1" ind2="4">
    <subfield code="a">Estad&#xED;sticas sociales</subfield>
    <subfield code="z">Colombia </subfield>
    <subfield code="9">5578</subfield>
  </datafield>
  <datafield tag="650" ind1="1" ind2="4">
    <subfield code="a">Indicadores macroecon&#xF3;micos</subfield>
    <subfield code="z">Colombia</subfield>
    <subfield code="9">5579</subfield>
  </datafield>
  <datafield tag="942" ind1=" " ind2=" ">
    <subfield code="2">ddc</subfield>
    <subfield code="c">BK</subfield>
  </datafield>
  <datafield tag="999" ind1=" " ind2=" ">
    <subfield code="c">5388</subfield>
    <subfield code="d">5388</subfield>
  </datafield>
  <datafield tag="952" ind1=" " ind2=" ">
    <subfield code="0">0</subfield>
    <subfield code="1">0</subfield>
    <subfield code="2">ddc</subfield>
    <subfield code="4">0</subfield>
    <subfield code="7">0</subfield>
    <subfield code="8">NFIC</subfield>
    <subfield code="a">CPL</subfield>
    <subfield code="b">CPL</subfield>
    <subfield code="d">2018-04-15</subfield>
    <subfield code="e">Donaci&#xF3;n</subfield>
    <subfield code="g">0.00</subfield>
    <subfield code="l">0</subfield>
    <subfield code="o">330.021 / D419e </subfield>
    <subfield code="p">430001798</subfield>
    <subfield code="r">2024-05-16 00:00:00</subfield>
    <subfield code="t">V.2 / Ej.1</subfield>
    <subfield code="y">BK</subfield>
  </datafield>
  <datafield tag="952" ind1=" " ind2=" ">
    <subfield code="0">0</subfield>
    <subfield code="1">0</subfield>
    <subfield code="2">ddc</subfield>
    <subfield code="4">0</subfield>
    <subfield code="7">0</subfield>
    <subfield code="8">NFIC</subfield>
    <subfield code="a">CPL</subfield>
    <subfield code="b">CPL</subfield>
    <subfield code="d">2018-04-15</subfield>
    <subfield code="e">Donaci&#xF3;n</subfield>
    <subfield code="g">0.00</subfield>
    <subfield code="l">0</subfield>
    <subfield code="o">330.021 / D419e </subfield>
    <subfield code="p">430001799</subfield>
    <subfield code="r">2024-05-16 00:00:00</subfield>
    <subfield code="t">V.1 / Ej.1</subfield>
    <subfield code="w">2021-01-07</subfield>
    <subfield code="y">BK</subfield>
  </datafield>
</record>
